书目信息 |
| 题名: |
调度集中和列车调度指挥系统
|
|
| 作者: | 侯启同 主编 | |
| 分册: | ||
| 出版信息: | 北京 中国铁道出版社 2008.11 |
|
| 页数: | 178页 | |
| 开本: | 26cm | |
| 丛书名: | ||
| 单 册: | ||
| 中图分类: | U284.59 | |
| 科图分类: | ||
| 主题词: | 铁路行车--运输调度--管理信息系统--职业教育--教材 | |
| 电子资源: | ||
| ISBN: | 978-7-113-09182-8 | |
| 000 | 00900nam0 2200253 450 | |
| 001 | 004073012 | |
| 005 | 20100812084606.65 | |
| 010 | @a978-7-113-09182-8@dCNY23.00 | |
| 090 | @aU284@bhqt | |
| 100 | @a20100515d2008 em y0chiy50 ea | |
| 101 | 0 | @achi |
| 102 | @aCN@b110000 | |
| 105 | @aa a 000yy | |
| 200 | 1 | @a调度集中和列车调度指挥系统@Adiao du ji zhong he lie che diao du zhi hui xi tong@f侯启同主编@Fhou qi tong zhu bian |
| 210 | @a北京@c中国铁道出版社@d2008.11 | |
| 215 | @a178页@c图@d26cm | |
| 300 | @a铁路职业教育铁道部规划教材 | |
| 320 | @a有书目 (第178页) | |
| 330 | @a本书系统地介绍了铁路列车调度指挥系统(TDCS)和新一代调度集中CTC系统。主要内容包括:铁路运输调度系统概述、远程控制系统的基础知识等。 | |
| 606 | 0 | @a铁路行车@x运输调度@x管理信息系统@x职业教育@j教材 |
| 690 | @aU284.59@v4 | |
| 701 | 0 | @a侯启同@Ahou qi tong@4主编 |
| 801 | @c20100515 | |
| 905 | @dU284.59@eH426@f5 | |
| 调度集中和列车调度指挥系统/侯启同主编.-北京:中国铁道出版社,2008.11 |
| 178页:图;26cm |
| 铁路职业教育铁道部规划教材 |
| ISBN 978-7-113-09182-8:CNY23.00 |
| 本书系统地介绍了铁路列车调度指挥系统(TDCS)和新一代调度集中CTC系统。主要内容包括:铁路运输调度系统概述、远程控制系统的基础知识等。 |
| ● |
| 相关链接 |
|
|
|
正题名:调度集中和列车调度指挥系统
索取号:U284.59/H426
 
预约/预借
| 序号 | 登录号 | 条形码 | 馆藏地/架位号 | 状态 | 备注 |
| 1 | 1025808 | 210258086 | 自科二线504/501自科库 50排3列2层/ [索取号:U284.59/H426] | 在馆 | |
| 2 | 1025809 | 210258095 | 自科库501/501自科库 50排3列2层/ [索取号:U284.59/H426] | 在馆 | |
| 3 | 1025810 | 210258102 | 自科库501/501自科库 50排3列2层/ [索取号:U284.59/H426] | 在馆 | |
| 4 | 1025811 | 210258111 | 自科库501/501自科库 50排3列2层/ [索取号:U284.59/H426] | 在馆 | |
| 5 | 1025812 | 210258120 | 自科库501/501自科库 50排3列2层/ [索取号:U284.59/H426] | 在馆 |